000 01878nam a22003614a 4500
001 ebr10062659
003 CaPaEBR
006 m u
007 cr cn|||||||||
008 020806s2002 txu sb 001 0 eng
010 _z 2002012608
020 _z1574411586 (hardcover : alk. paper)
040 _aCaPaEBR
_cCaPaEBR
035 _a(OCoLC)614737391
050 1 4 _aHQ766.5.U5
_bF44 2002eb
082 0 4 _a363.9/6/0973
_221
100 1 _aFeldt, Gloria,
_d1942-
245 1 0 _aBehind every choice is a story
_h[electronic resource] /
_cGloria Feldt ; with Carol Trickett Jennings.
250 _a1st ed.
260 _aDenton, Texas :
_bUniversity of North Texas Press,
_cc2002.
300 _axix, 242 p.
504 _aIncludes bibliographical references (p. 227-236) and index.
505 0 _aThe talk -- Strong girl, jelly woman -- "He told me not to tell" -- Pierced ears -- Jelly woman to handsome princess -- This month's pills or this month's bills? -- Making family -- Choice as sacrifice, choice as freedom, or, how I became a perfect ten -- Viagra yes, pills no -- Rights vs. access -- Whose conscience counts? -- Murder in the name of life -- Calling ourselves free -- "We aren't the future, we're the present" -- Motherhood in freedom.
533 _aElectronic reproduction.
_bPalo Alto, Calif. :
_cebrary,
_d2013.
_nAvailable via World Wide Web.
_nAccess may be limited to ebrary affiliated libraries.
610 2 0 _aPlanned Parenthood Federation of America
_xHistory.
650 0 _aPro-choice movement
_zUnited States.
650 0 _aBirth control
_zUnited States.
650 0 _aAbortion
_zUnited States.
655 7 _aElectronic books.
_2local
700 1 _aJennings, Carol Trickett.
710 2 _aebrary, Inc.
856 4 0 _uhttp://site.ebrary.com/lib/rucke/Doc?id=10062659
_zAn electronic book accessible through the World Wide Web; click to view
999 _c156621
_d156621